| 000 | 00000nam##2200000za#4500 |
| 001 | 9.648152 |
| 003 | CaOODSP |
| 005 | 20200401080528 |
| 007 | ta |
| 008 | 150407|2001||||xxc||||| f|0| 0 eng|d |
| 020 | |a0-662-30409-8 |
| 040 | |aCaOODSP|beng |
| 043 | |an-cn--- |
| 086 | 1 |aE2-332/2000E |
| 110 | 1 |aCanada.|bForeign Affairs and International Trade. |bCanadian Centre for Foreign Policy Development. |
| 245 | 10|aBoundary permeability in perspective : |ba compendium of Conference papers / |cPrepared by International Boundaries Research Unit, University of Durham. |
| 260 | |aOttawa - Ontario : |bForeign Affairs and International Trade. |c2001. |
| 300 | |a9 unnumbered pages. ; |c28 cm. |
| 563 | |aSoftcover |
| 590 | |a01-48|b2001-11-30 |
| 776 | 0#|tBoundary Permeability in Perspective / |w(CaOODSP)9.686090 |
| 986 | |a1010.1E |